000 00538nam a2200193Ia 4500
005 20250508152329.0
008 008 250505s9999 xx 000 0 eng d
037 _aTextual
040 _aFEDL
_beng
_cFEDL
041 _aeng
_2eng
084 _a150.195, FEN
_qFEDL
245 0 _aCollected papers of otto fenichel
260 _aNew York, USA
_bW. W. Norton and Company
_c1954
300 _aviii,374p.
490 _aSecond series
650 _aPsychology
942 _cTEXL
_h150.195, FEN
999 _c1335758
_d1335758